[Event "Pune op U1800 11th"]
[Site "Pune"]
[Date "2024.05.25"]
[Round "6"]
[White "Kapadi, Yash"]
[Black "Kaveesh, Kagwade"]
[Result "1-0"]
[WhiteElo "1705"]
[BlackElo "1514"]
[PlyCount "105"]
[EventDate "2024.05.24"]
[EventType "swiss"]
[EventRounds "9"]
[EventCountry "IND"]
[SourceTitle "CBM 220 Extra"]
[Source "ChessBase"]
[SourceDate "2024.07.31"]
[SourceVersion "1"]
[SourceVersionDate "2024.07.31"]
[SourceQuality "1"]

1. d4 d5 2. g3 Nf6 3. Bg2 Bf5 4. Nf3 e6 5. 0-0 Bd6 6. c4 c6 7. Nc3 Nbd7 8. a4 0-0 9. a5 Re8 10. Qb3 Rb8 11. Rd1 h6 12. Nd2 Bc7 13. Qa4 a6 14. e4 dxe4 15. Ndxe4 Nxe4 16. Nxe4 Qe7 17. b4 Nf6 18. Nc3 Red8 19. b5 cxb5 20. cxb5 e5 21. d5 Qc5 22. Qb3 axb5 23. Be3 Qc4 24. Qxb5 Qxc3 25. Rdc1 Qd3 26. Qxd3 Bxd3 27. Rxc7 Nxd5 28. Bxd5 Rxd5 29. Ba7 Rbd8 30. Rxb7 Be4 31. Rb8 Kh7 32. Rxd8 Rxd8 33. Bb6 Ra8 34. Re1 f5 35. f3 Bxf3 36. Rxe5 Kg6 37. Kf2 Be4 38. Ke3 Kh5 39. h3 Bg2 40. g4+ Kh4 41. gxf5 Bxh3 42. Kf4 Rf8 43. Bf2+ Kh5 44. Bc5 Ra8 45. Bb6 Rf8 46. Bc5 Ra8 47. Bd6 Ra6 48. Bc7 g6 49. Re2 Rf6 50. Rh2 Rxf5+ 51. Kg3 Rf7 52. Rxh3+ Kg5 53. Bd8+ 1-0